|
|
|
|
| LEADER |
00754nam a2200217 i 4500 |
| 001 |
c000027025 |
| 003 |
CARM |
| 005 |
00000000000000.0 |
| 008 |
850320s1962 sp 0 eng d |
| 019 |
1 |
|
|a 9250734
|5 LACONCORD2021
|
| 035 |
|
|
|a (OCoLC)36748872
|5 LACONCORD2021
|
| 100 |
1 |
|
|a Zubiri, Xavier.
|
| 245 |
1 |
0 |
|a Sobre la esencia.
|
| 260 |
|
|
|a Madrid :
|b Sociedad de Estudios y Publicaciones ,
|c 1962.
|
| 300 |
|
|
|a 521 p.
|
| 490 |
0 |
|
|a Estudios filosoficos
|
| 650 |
|
0 |
|a Substance (Philosophy)
|
| 650 |
|
0 |
|a Ontology.
|
| 852 |
8 |
|
|b CARM
|h A2:AE05B0
|i B00152
|p 0020709
|f BK
|
| 999 |
f |
f |
|i ade06f6d-99c7-5f25-b2b9-a74c630f6820
|s fdf35702-caf3-56f5-a033-bd992a9f007c
|
| 952 |
f |
f |
|p Can circulate
|a CAVAL
|b CAVAL
|c CAVAL
|d CARM 1 Store
|e B00152
|f A2:AE05B0
|h Other scheme
|i book
|m 0020709
|